Varovné memento jedného románu Z pera spisovateľa Rudolfa Slobodu

Bibliographic Details
Main Authors: Maťuga, Viktor Simmer, 1955- (Author), Sloboda, Rudolf, 1938-1995 (Author)
Format: Article
Language:Slovak
Subjects:

MARC

LEADER 00000nab a2200000 a 4500
001 vtls000161159
003 SK-MaSNL
005 20260304000639.0
008 160215c1983 xo 0 slo
015 |a SNBRB19rr/mm-uuuuu 
035 |a CL0171269 
040 |a SNKBUCL  |b slo  |c SNKBUCL  |e AACR2 
041 0 |a slo 
044 |a xo  |c SK 
080 |a 82.09:885.4-3(048)  |2 1981 
080 |a 885.4-3(048)  |2 1981 
100 1 |a Maťuga, Viktor Simmer,  |d 1955-  |4 aut  |9 105432 
245 1 0 |a Varovné memento jedného románu  |b Z pera spisovateľa Rudolfa Slobodu  |c Viktor Maťuga ; Rudolf Sloboda 
650 0 7 |a romány psychologické  |2 snkbucl  |9 653970 
655 7 |a články z novín a časopisov  |2 snkbucl  |9 267496 
655 7 |a články z odboru literárna veda a krásna literatúra  |2 snkbucl  |9 770045 
700 1 |a Sloboda, Rudolf,  |d 1938-1995  |4 aut  |9 101482 
773 0 |t Večerník  |g Roč. 28, č. 188 (23. 9. 1983), s. 6 
787 0 8 |i Rec.:  |a Sloboda, Rudolf  |t Stratený raj  |d Bratislava : Slovenský spisovateľ, 1983 
850 |a Slovenská národná knižnica v Martine  |a MTA001 
852 |a SNK  |b KIS3GCP 
958 |a BX 
958 |a RK 
958 |a LX 
992 |a RBX 
999 |c 2532239  |d 2534169